00613nam a2200193Ia 4500008004100000040001900041041001200060082002400072100002500096245006500121260004200186300002000228504005000248630003700298650002800335651001900363700001900382850001800401131103s9999 xx 000 0 und d aLoreto College aEnglish a821/MARbLCBkB/E170 aMarlowe, Christopher aEdward the secondcChristopher Marlowe; edited by R.S. Knox aLondonbOxford university pressc1967 a195p. c 22 cm. aIncludes bibliographical references and index aReign of Edward - II,1307 - 1327 aEdward - II,1307 - 1327 aEnglish poetry aKnox, R.S; ed. aLCBkB/821/MAR